00465nam a2200169Ia 4500008004100000020001800041050001400059100002300073245001100096245003200107245006900139260001500208260002400223260000900247300001400256300002500270180207s9999 xx 000 0 und d a9780736480987 bL177 2012 aLagonegro, Melissa aCars : bMater's birthday surprise / cMelissa Lagonegro ; illustrated by the Disney Storybook Artists. aNew York : bRandom House, Inc., c2012 aunpaged : bcolor illustration ;